Recent soviet contributions to mathematics (Record no. 1351558)

MARC details
000 -LEADER
fixed length control field 00567nam a2200193Ia 4500
005 - DATE AND TIME OF LATEST TRANSACTION
control field 20250508154658.0
008 - FIXED-LENGTH DATA ELEMENTS--GENERAL INFORMATION
fixed length control field 008 250505s9999 xx 000 0 eng d
037 ## - SOURCE OF ACQUISITION
Stock number Textual
040 ## - CATALOGING SOURCE
Original cataloging agency FEDL
Language of cataloging eng
Transcribing agency FEDL
041 ## - LANGUAGE CODE
Language code of text/sound track or separate title eng
Source of code eng
084 ## - COLON CLASSIFICATION NUMBER
Classification number 510.947, LAS
Assigning agency FEDL
100 ## - MAIN ENTRY--PERSONAL NAME
Personal name LaSalle J P Ed.
9 (RLIN) 765848
245 #0 - TITLE STATEMENT
Title Recent soviet contributions to mathematics
260 ## - PUBLICATION, DISTRIBUTION, ETC.
Place of publication, distribution, etc. New York, USA
Name of publisher, distributor, etc. The Macmillan Company
Date of publication, distribution, etc. 1962
300 ## - PHYSICAL DESCRIPTION
Extent viii,324p
700 ## - ADDED ENTRY--PERSONAL NAME
Personal name Lefschetz S Ed.
9 (RLIN) 765849
942 ## - ADDED ENTRY ELEMENTS (KOHA)
Koha item type Textual
Classification part 510.947, LAS
Holdings
Withdrawn status Lost status Damaged status Not for loan Home library Current library Date acquired Total Checkouts Full call number Barcode Date last seen Price effective from Koha item type
        Department of Education Library Department of Education Library 2025-05-08   510.947, LAS EL0035702 2025-05-08 2025-05-08 Textual
Copyright @ Delhi University Library System